Chọn giống cây trồng

Saved in:
Bibliographic Details
Main Author: Nguyễn, Văn Hiển
Format: Book
Language:Undetermined
Published: Hà Nội Giáo Dục 2000
Subjects:
Tags: Add Tag
No Tags, Be the first to tag this record!
Institutions: Trung tâm Học liệu Trường Đại học Cần Thơ
LEADER 00705nam a2200217Ia 4500
001 CTU_37953
008 210402s9999 xx 000 0 und d
020 |b 33.500đ 
082 |a 631.53 
082 |b H305 
100 |a Nguyễn, Văn Hiển 
245 0 |a Chọn giống cây trồng 
245 0 |c Nguyễn Văn Hiển...[et al.] 
260 |a Hà Nội 
260 |b Giáo Dục 
260 |c 2000 
526 |a Di truyền và chọn giống,Chọn giống cây trồng 
526 |b SP419,NN373 
650 |a plant breeding,plants - collection and preservation,plants, cutivated 
904 |i Minh, 001009 
980 |a Trung tâm Học liệu Trường Đại học Cần Thơ